Vista normal
Vista MARC
Entrada Materia (personas)
Número de registros utilizados en: 1
001 - CONTROL NUMBER
- control field: 35983
003 - CONTROL NUMBER IDENTIFIER
- control field: Co-BoUCM
005 - DATE AND TIME OF LATEST TRANSACTION
- control field: 20130419081348.0
008 - FIXED-LENGTH DATA ELEMENTS
- fixed length control field: 130419|| aca||aabn | a|a d
040 ## - CATALOGING SOURCE
- Original cataloging agency: Co-BoUCM
- Transcribing agency: Co-BoUCM
100 ## - HEADING--PERSONAL NAME
- Personal name: Guzmán y Monasterio, Antonio de
670 ## - SOURCE DATA FOUND
- Source citation: Work cat.: (Co-BoUCM)69307: Guzmán y Monasterio, Antonio de, Tractatus de visione beatifica de quo D. Thomas 1a. part. a quaestione duodecima usque decima tertia mirifice pertractat ..., [ca. 1626 -1753?].